00000000nam##2200000za#4500
0019.615413
003CaOODSP
00520200514165625
007ta
008150406|2000||||xxc|||||     f|0| 0 eng|d
040 |aCaOODSP|beng
043 |an-cn---
0861 |aNH18-22/99-122E
1102 |aCanada Mortgage and Housing Corporation.
24510|aFire resistance tests on small-scale floor assemblies
260 |aOttawa - Ontario : |bCanada Mortgage and Housing Corporation |c2000.
300 |a4p. : |btables ; |c28 cm.
4901 |aResearch highlight. Technical series |v99-122
563 |aPamphlet
590 |a01-02|b2001-01-12
69007|aConstruction materials|2gcpds
69007|aHousing|2gcpds
7760#|tFire resistance tests on small-scale floor assemblies |w(CaOODSP)9.580770
830#0|aResearch highlight. Technical series ;|v99-122|w(CaOODSP)9.514826
986 |aNHA 2266